The Unofficial Real Racing 3 Quiz (PRO/AM) - Statistics

General Stats
  • This quiz has been taken 47 times
  • The average score is 9 of 13
Answer Stats
Question Answer % Correct
Which one of these cars was removed from the game? Hint: Liscening issues often lead cars to be removed, and usually, race cars, such as NASCAR are removed after it's yearly season is finished.
88%
Which one of these cars is given to the player for FREE immediately after it's series is unlocked?
81%
Which of these series is NOT located in PRO/AM?
75%
Which one of these brands do not have a car model in PRO/AM? Hint: Supercars/Exotics are not a common sight in PRO/AM. PRO/AM mainly consists of hatchbacks, Sports cars, and performance vehicles.
69%
Which of these series IS LOCATED in PRO/AM?
69%
Which of these cars is the first one AVAILABLE for purchase after entering PRO/AM?
69%
TRUE OR FALSE: The PRO/AM collection is located right after the Expert series. FALSE
69%
TRUE OR FALSE: The McLAREN MP4-12C is used in PRO/AM TRUE
69%
Which of these series is NOT located in PRO/AM?
63%
Which of these series is NOT located in PRO/AM?
50%
Which of these cars is the most recent car to be added to PRO/AM?
50%
TRUE OR FALSE: The current slowest car in the game, Mazda RX-3, is located in PRO/AM TRUE
50%
TRUE OR FALSE: The fastest car in PRO/AM, is the Porsche 918 Spyder Concept, with a PR rating of 60.2 TRUE
50%
No matching quizzes found
Score Distribution
Percent of People with Each Score
Percentile by Number Answered
Your Score History
You have not taken this quiz